000 00366 a2200133 4500
000 nam a22 7a 4500
100 _aMishra, Neeraj Kumar
110 _aMishra, Neeraj Kumar
245 _aAmarsinghkrit: amarkosh mein vigyan evam takniki
250 _aLatest edition
260 _bSwati Publications
_c2026
264 _bSwati Publications
_c2026
942 _cBK
999 _c395876
_d395876